ポチョライスの切り抜き動画に登場するにじさんじライバー - Statistics

General Stats
  • This quiz has been taken 6 times
  • The average score is 9 of 31
Answer Stats
ヒント Answer % Correct
超高反発枕なホスト 不破湊
100%
天使級にかわいい悪魔 でびでび・でびる
83%
超精鋭リスナーと戦う男 剣持刀也
67%
脳みそ高速回転な吸血鬼 葛葉
67%
陽キャに敗北する皇女陛下 リゼ・ヘルエスタ
67%
地獄を乗り越える農家 舞元啓介
67%
超絶バチギレ女子高生 樋口楓
67%
悲鳴が輝く一番星 星川サラ
67%
義務教育に抗う女 フレン・E・ルスタリオ
67%
無邪気に笑うマッドおじ レオス・ヴィンセント
50%
超セクハラクソガキ狸 ラトナ・プティ
50%
陰に生まれしオタクの光 社築
33%
圧倒的キモムーブな研究者 甲斐田晴
33%
セクハラDTおじさん芸人 三枝明那
33%
歪んだ脳みそを持つ王 卯月コウ
17%
弟属性な古のギャンブラー イブラヒム
17%
大人になれないポン度師 長尾景
17%
超全力思春期30才児 加賀美ハヤト
17%
天才的コント師 黛灰
17%
超饒舌ドツキ合い芸人 ローレン・イロアス
0%
右脳と左脳を往復する男 エクス・アルビオ
0%
情緒不安定メンヘラ芸 笹木咲
0%
ライン超えの無敵女子 西園チグサ
0%
ゲス笑いのアイドル
0%
狂気超えて虚無なサイコ 夜見れな
0%
超キレッキレお喋ラー 魔使マオ
0%
空耳キレ芸の申し子 椎名唯華
0%
脳内に同居人がいるJK 葉加瀬冬雪
0%
動きに中毒性がある女 アンジュ・カトリーナ
0%
絶対燃えない天才狂人 花畑チャイカ
0%
大ボケ喧嘩劇を生む天才 魔界ノりりむ
0%
No matching quizzes found
Score Distribution
Percent of People with Each Score
Percentile by Number Answered
Your Score History
You have not taken this quiz